| 000 | 00000nas##2200000za#4500 |
| 001 | 9.509229 |
| 003 | CaOODSP |
| 005 | 20210615082512 |
| 007 | ta |
| 008 | 150406c1989||||xxc|| m #||||f| |0fre|d |
| 022 | |a0317-2376 |
| 040 | |aCaOODSP|bfre |
| 041 | |aeng |
| 041 | |afre |
| 043 | |an-cn--- |
| 086 | 1 |aFR4 |
| 110 | 1 |aCanada.|bAffaires étrangères, Commerce et Développement Canada. |
| 245 | 10|aRecueil des traités |
| 260 | |aOttawa - Ontario : |bAffaires étrangères, Commerce et Développement Canada |c[1993]--. |
| 310 | |aIrrégulier |
| 520 | 3 |aRenferme les traités signés par le Canada avec d’autres pays de 1928 à ce jour. Les traités n’y sont publiés qu’une fois qu’ils ont été ratifiés. |
| 563 | |aCouverture souple |
| 776 | 0#|tTreaty series |w(CaOODSP)9.500661 |
| 776 | 0#|tTreaty series |w(CaOODSP)9.811730 |
| 791 | |tTreaty series |eeng|w(CaOODSP)9.509228 |